La minería peruana y la iniciación de la República, 1820-1840 / (Record no. 13548)

000 -CABECERA
fixed length control field 00898nam a22002057a 4500
003 - IDENTIFICADOR DEL NÚMERO DE CONTROL
control field AR-CdUCM
008 - DATOS DE LONGITUD FIJA--INFORMACIÓN GENERAL
fixed length control field 190415b ||||| |||| 00| 0 spa d
040 ## - FUENTE DE LA CATALOGACIÓN
Agencia/entidad que catalogó originalmente la obra MUNICIPALIDAD PROVINCIAL DEL CUSCO
Entidad que transcribió la catalogación BIBLIOTECA MUNICIPAL DEL CUSCO
082 ## - NÚMERO DE LA CLASIFICACIÓN DECIMAL DEWEY
No. de Clasificación 338.209 /
Notacion interna D63
100 ## - ENTRADA PRINCIPAL--NOMBRE DE PERSONA
Nombre Personal Deustua Carvallo, José Rafae
245 ## - MENCIÓN DE TÍTULO
Título La minería peruana y la iniciación de la República, 1820-1840 /
260 ## - PUBLICACIÓN, DISTRIBUCIÓN, ETC.
Lugar de publicación, distribución, etc. Lima :
Nombre de la editorial, distribuidor, etc. IEP, Instituto de Estudios Peruanos,
Fecha de publicación, distribución, etc. 1986 .
300 ## - DESCRIPCIÓN FÍSICA
Nº de Páginas Extensión 288 paginas ;
Otros detalles físicos Mapas, cuadros estadísticos,
Dimensiones 20 cm.
505 ## - NOTA DE CONTENIDO CON FORMATO
Nota de contenido formateada Contenido : Ciclo minero y mercados regionales -- La minería en los comienzos de la república -- El ciclo de producción nacional de la minería de plata -- Los ciclos regionales de la producción de plata...
650 ## - PUNTO DE ACCESO ADICIONAL DE MATERIA--TÉRMINO DE MATERIA
Descriptor Minería
9 (RLIN) 430
650 ## - PUNTO DE ACCESO ADICIONAL DE MATERIA--TÉRMINO DE MATERIA
Descriptor Plata
9 (RLIN) 32007
650 ## - PUNTO DE ACCESO ADICIONAL DE MATERIA--TÉRMINO DE MATERIA
Descriptor Regiones
9 (RLIN) 4240
942 ## - ELEMENTOS DE PUNTO DE ACCESO ADICIONAL (KOHA)
Fuente de clasificación
Tipo de item Libros-BMC
945 ## - PROCESAMIENTO DE INFORMACIÓN LOCAL (OCLC)
Catalogador wnts
AAAA-MM-DD - Fecha de ingreso o modificacion 2019-04-15
Holdings
Estado de retiro (separado) Fuente de clasificación o esquema de estanterías Estado dañado Ubicación Sala donde se ubica Nombre de la colección Fecha de adquisición o compra Costo, precio normal en soles Signatura topográfica Código de Barras Última vez visto (Koha) Tipo de ítem (Koha)
No     Sala Humanidades Sala Humanidades Book Cart 2019-04-15 50.00 338.209 / D63 SH0000010767 2019-04-15 Libros-BMC

Powered by Koha